| 000 | 01003nam0a22002291 4500 | ||
|---|---|---|---|
| 001 | rc\2155404 | ||
| 005 | 20260407141530.0 | ||
| 035 | _a(NLR Aleph) 006493552 | ||
| 090 |
_a6157740 _c6157740 |
||
| 100 | _a20110829d1978 |||y0rusy50 ca | ||
| 101 | 0 | _arus | |
| 102 | _aRU | ||
| 105 | _aa z ||||| | ||
| 200 | 1 |
_aСоздание устойчивого продольного и поперечного профиля русла в легкоразмываемых грунтах _e[Рекомендации] _fВДНХ СССР, М-во мелиорации и вод. хоз-ва СССР, Белорус. НИИ мелиорации и вод. хоз-ва |
|
| 210 |
_aМинск _cПолымя _d1978 |
||
| 215 |
_a[3] с. _cсхем. _d20 |
||
| 712 | 0 | 2 |
_aБелорусский НИИ мелиорации и водного хозяйства _cМинск _3RU\NLR\AUTH\8810009523 _9516786 |
| 801 | 0 |
_aRU _bNLR _gpsbo |
|
| 801 | 1 |
_aRU _bELAR _2rusmarc |
|
| 852 |
_aNLR _j80-4/28481 |
||
| 942 | _cBOOK | ||
| 980 | _aNB | ||